| 000 | 01396nam a2200373Ia 4500 | ||
|---|---|---|---|
| 001 | ebr10464473 | ||
| 003 | CaPaEBR | ||
| 006 | m u | ||
| 007 | cr cn||||||||| | ||
| 008 | 930104s1992 ne a sb 000 0 eng d | ||
| 010 | _z 92005354 | ||
| 020 | _z1556194080 | ||
| 020 | _z1556194099 | ||
| 020 | _z9027229058 | ||
| 020 | _z9027229066 | ||
| 020 | _z9789027229052 | ||
| 040 |
_aCaPaEBR _cCaPaEBR |
||
| 035 | _a(OCoLC)714801604 | ||
| 050 | 1 | 4 |
_aP295 _b.P64 1992eb |
| 082 | 0 | 4 |
_a415 _220 |
| 245 | 0 | 0 |
_aPragmatics of word order flexibility _h[electronic resource] / _cedited by Doris L. Payne. |
| 260 |
_aAmsterdam ; _aPhiladelphia : _bJ. Benjamins Pub. Co., _c1992. |
||
| 300 |
_a320 p. : _bill. |
||
| 490 | 1 |
_aTypological studies in language, _x0167-7373 ; _vv. 22 |
|
| 504 | _aIncludes bibliographical references. | ||
| 533 |
_aElectronic reproduction. _bPalo Alto, Calif. : _cebrary, _d2013. _nAvailable via World Wide Web. _nAccess may be limited to ebrary affiliated libraries. |
||
| 650 | 0 |
_aGrammar, Comparative and general _xWord order. |
|
| 650 | 0 | _aPragmatics. | |
| 655 | 7 |
_aElectronic books. _2local |
|
| 700 | 1 |
_aPayne, Doris L., _d1952- |
|
| 710 | 2 | _aebrary, Inc. | |
| 830 | 0 |
_aTypological studies in language ; _vv. 22. |
|
| 856 | 4 | 0 |
_uhttp://site.ebrary.com/lib/rucke/Doc?id=10464473 _zAn electronic book accessible through the World Wide Web; click to view |
| 999 |
_c128276 _d128276 |
||